000 00595nam a2200193 4500
003 OSt
005 20240705061246.0
006 a
008 240705b |||||||| |||| 00| 0 eng d
020 _a0977858243
040 _aDWCL-Main lib.
_cOC
082 _2Seventh edition
_aCirc. 620.00151 B186a 2007
100 _aBali, N.
245 _aAdvanced Engineering mathematics: a computer approach /
260 _aMass. :
_bInfinity science Press LLC,
_cc2007.
300 _axxvi,
_b1606 p. : ill.
_c25 cm.
650 _a1. Engineering Mathematics-Data processing.
942 _2ddc
_n0
_cBK-CIRC
_kCirc.
999 _c2024
_d2024